000 00826nam a22002651 4500
001 00174
003 DO-SdBNP
005 20180124083001.0
007 00174
008 011112s1973 ve spa
016 7 _a
_z
_2BPMSU
035 _a
040 _aBPMSU
_bspa
_cBPMSU
080 0 _a
245 1 0 _aBiografía de Fernando Peñalver :
_h
_b1765-1832
_cAlarico Gómez,
260 _aCaracas :
_bMinisterio de Educación, Dirección General, Departamento de Publicaciones
_c1973
300 _a60 p. :
_b
_c17 cm
490 0 _aBiografías escolares
_v16
600 1 7 _aPeñalver, Fernando
_xBiografías
_vLibros infantiles
_2
700 _aGómez, Alarico
830 _aBiografías escolares
_v16
942 _2ddc
_cBK
945 _aInventariado, 2018 / YL
956 _aVMATEO
_b10
_c20160718
_dBPMSU
_f00069
999 _c10931
_d10931